000 00570nam a2200193Ia 4500
003 OSt
005 20221007083117.0
006 a|||||r|||| 00| 0
007 ta
008 221006b |||||||| |||| 00| 0 eng d
024 _a22,607
037 _cDissertations
040 _aFLL
_cFLL
_beng
041 _2eng
_aeng
100 _aAggarwal Vijender Kumar
_9700298
245 0 _aCheck on concentration of Economic power under the monopolies and restrictive trade practices act, 1969.
942 _cDIS
_2CC
999 _c1168836
_d1168836